000 00834cab a2200205 4500
001 ABS42534
008 090401t1990 xxu||||| |||| 00| 0 eng d
035 _a(Sirsi) u37484
041 _aeng
100 _aHorrocks, S.
245 _aTailor-made suite suits the industry
260 _c1990
350 _a0
490 _aEstates Times
_v(1040) 30 March 1990, 17-18(2)
520 _aDescribes Triton , a computer program designed by Royal London Asset Managers , the former property department of Royal London Mutual Assurance Society , for its own use but now being marketed to other property owners. It consists of three modules for valuation , property management and double entry accounting .
650 _aCOMPUTERS
690 _aMANAGEMENT-BUSINESS MANAGEMENT-INFORMATION MANAGEMENT
942 _n0
948 _c04/03/1997
999 _c24219
_d24219